000
00259nam a2200109Ia 4500
008
240625s9999 xx 000 0 und d
041
_a
eng
082
_a
330 PAI
100
_a
PAILWAR VEENA KESHAV
245
_a
ECONOMIC ENVIRONMENT OF BUSINESS
260
_c
2010
999
_c
38150
_d
38150